| 000 | 00365nam a22001577a 4500 | ||
|---|---|---|---|
| 003 | SGT | ||
| 020 | _a9789350352533 | ||
| 082 | _a345.540 263 2,RED | ||
| 100 | _aREDDI JUSTICE P. V. | ||
| 245 | _aCOMMENTARY ON THE INDIAN PENAL CODE | ||
| 250 | _a2ND | ||
| 260 |
_aNEW DELHI _bUNIVERSAL _c2013 |
||
| 300 | _a1540 | ||
| 650 | _aINDIAN PENAL CODE | ||
| 942 |
_2ddc _cBK |
||
| 999 |
_c10187 _d10187 |
||